[Event "28th European Club Cup Eilat"]
[Site "Eilat"]
[Date "2012.10.13"]
[Round "3"]
[White "Adams, Michael"]
[Black "Andreikin, Dmitry"]
[Result "1/2-1/2"]
[WhiteElo "2720"]
[BlackElo "2718"]
[PlyCount "116"]
[EventDate "2012.10.11"]
[EventRounds "7"]
[EventCountry "ISR"]

1. e4 e6 2. d4 d5 3. Nd2 dxe4 4. Nxe4 Nd7 5. Nf3 Ngf6 6. Nxf6+ Nxf6 7. Be3 Be7
8. Bd3 b6 9. Ne5 Bb7 10. Bb5+ c6 11. Bxc6+ Bxc6 12. Nxc6 Qd5 13. Nxe7 Qxg2 14.
Ke2 Kxe7 15. Qd3 Qe4 16. c4 b5 17. Qxe4 Nxe4 18. cxb5 Rhb8 19. a4 a6 20. Rhc1
axb5 21. a5 Kd7 22. d5 exd5 23. a6 Nd6 24. Kd3 Nc4 25. Bd4 f6 26. f4 Rc8 27.
Rg1 g6 28. a7 Rc6 29. Rgc1 Na5 30. Rxc6 Nxc6 31. Bc5 Kc7 32. Re1 Kd7 33. h4 h5
34. b4 Rxa7 35. Bxa7 Nxa7 36. Rg1 Nc6 37. Rxg6 Ke6 38. Rh6 Nxb4+ 39. Kc3 Na2+
40. Kb2 Nb4 41. Kc3 Nc6 42. Rxh5 b4+ 43. Kb3 Nd4+ 44. Kxb4 Ne2 45. Rh7 Kf5 46.
Rg7 Nxf4 47. Kc3 Ke4 48. Kd2 Kf3 49. Rg8 d4 50. Rg1 Kf2 51. Rg4 Kf3 52. Rg8 Kf2
53. Rf8 Kg3 54. Rxf6 Nh5 55. Rf8 Kxh4 56. Kd3 Kg5 57. Kxd4 Nf6 58. Rxf6 Kxf6
1/2-1/2

[Event "28th European Club Cup Eilat"]
[Site "Eilat"]
[Date "2012.10.13"]
[Round "3"]
[White "Nepomniachtchi, Ian"]
[Black "Bacrot, Etienne"]
[Result "1-0"]
[WhiteElo "2704"]
[BlackElo "2705"]
[PlyCount "48"]
[EventDate "2012.10.11"]
[EventRounds "7"]
[EventCountry "ISR"]

1. e4 e5 2. Nf3 Nc6 3. d4 exd4 4. Nxd4 Nf6 5. Nxc6 bxc6 6. e5 Qe7 7. Qe2 Nd5 8.
c4 Nb6 9. Nc3 Bb7 10. Bd2 g6 11. Ne4 O-O-O 12. a4 Ba6 13. Qf3 Re8 14. Bc3 f5
15. Nd2 Bg7 16. c5 Bxf1 17. cxb6 Ba6 18. bxa7 Kb7 19. O-O-O Bxe5 20. Rhe1 Qf6
21. Rxe5 Rxe5 22. Qf4 Rhe8 23. Qb4+ Kxa7 24. f4 Qd6 1-0

[Event "28th European Club Cup Eilat"]
[Site "Eilat"]
[Date "2012.10.13"]
[Round "3"]
[White "Naiditsch, Arkadij"]
[Black "Alekseev, Evgeny"]
[Result "0-1"]
[WhiteElo "2704"]
[BlackElo "2683"]
[PlyCount "100"]
[EventDate "2012.10.11"]
[EventRounds "7"]
[EventCountry "ISR"]

1. e4 e5 2. Nf3 Nc6 3. Bb5 Nf6 4. d3 Bc5 5. Bxc6 dxc6 6. Nbd2 Be6 7. O-O Nd7 8.
Nb3 Bb6 9. Ng5 Bxb3 10. axb3 f6 11. Nh3 h5 12. Kh1 g5 13. Ng1 Nf8 14. Ne2 h4
15. Be3 Ne6 16. b4 Qd6 17. Bxb6 cxb6 18. c3 a6 19. Qd2 O-O-O 20. Rad1 c5 21.
bxc5 bxc5 22. Qe3 Nf4 23. Nxf4 gxf4 24. Qf3 Qb6 25. Rd2 c4 26. d4 exd4 27. Qxf4
h3 28. cxd4 hxg2+ 29. Kxg2 Rxd4 30. Rc1 Rg8+ 31. Kh1 Rgd8 32. Qe3 R8d6 33. Rxd4
Qxd4 34. Qe2 b5 35. Rg1 Kc7 36. f4 Re6 37. Re1 f5 38. e5 Qxf4 39. Qg2 Qd4 40.
Qf3 f4 41. Re4 Qxb2 42. Qxf4 Qb1+ 43. Kg2 Qc2+ 44. Kf1 Qd3+ 45. Kf2 Qd5 46. Qe3
Kc6 47. Ke1 b4 48. h4 b3 49. Qe2 b2 50. Rxc4+ Kd7 0-1

[Event "28th European Club Cup Eilat"]
[Site "Eilat"]
[Date "2012.10.13"]
[Round "3"]
[White "Morozevich, Alexander"]
[Black "Kasimdzhanov, Rustam"]
[Result "1/2-1/2"]
[WhiteElo "2758"]
[BlackElo "2690"]
[PlyCount "87"]
[EventDate "2012.10.11"]
[EventRounds "7"]
[EventCountry "ISR"]

1. d4 Nf6 2. c4 g6 3. Nc3 d5 4. Nf3 Bg7 5. Qb3 dxc4 6. Qxc4 O-O 7. e4 a6 8. Be2
b5 9. Qb3 c5 10. dxc5 Be6 11. Qc2 Nbd7 12. Be3 Rc8 13. Rd1 b4 14. Na4 Qa5 15.
O-O Nxe4 16. Qxe4 Qxa4 17. Ng5 Nxc5 18. Qh4 h6 19. Nxe6 Nxe6 20. Bc4 Bf6 21.
Qe4 Kg7 22. Bxe6 fxe6 23. Qxe6 Qc6 24. Qh3 h5 25. b3 Rfd8 26. Rc1 Qb7 27. Qe6
Rxc1 28. Rxc1 Rd6 29. Qc4 a5 30. h3 Qd7 31. Qc2 Rd5 32. Qe2 Qd6 33. Qf3 Bb2 34.
Rb1 Bc3 35. g3 Rf5 36. Qe4 Re5 37. Qf4 Qd3 38. Rc1 Rd5 39. Qf3 Qb5 40. g4 Qd7
41. Kg2 Qe6 42. Rg1 Qf7 43. Qxf7+ Kxf7 44. Kf3 1/2-1/2

[Event "28th European Club Cup Eilat"]
[Site "Eilat"]
[Date "2012.10.13"]
[Round "3"]
[White "Nielsen, Peter Heine"]
[Black "Tomashevsky, Evgeny"]
[Result "1/2-1/2"]
[WhiteElo "2662"]
[BlackElo "2720"]
[PlyCount "84"]
[EventDate "2012.10.11"]
[EventRounds "7"]
[EventCountry "ISR"]

1. Nf3 Nf6 2. c4 c5 3. Nc3 Nc6 4. g3 g6 5. Bg2 Bg7 6. O-O O-O 7. d4 cxd4 8.
Nxd4 Nxd4 9. Qxd4 d6 10. Qd3 a6 11. Rd1 Bf5 12. Qf3 Rb8 13. c5 b5 14. cxd6 b4
15. Nd5 Nxd5 16. Rxd5 Be6 17. Rd1 exd6 18. Bf4 Bxb2 19. Rab1 Bg7 20. a3 b3 21.
Bxd6 b2 22. Bxb8 Qxb8 23. Qd3 Bb3 24. Rd2 Ba2 25. Rbxb2 Bxb2 26. Qc2 Rc8 27.
Qxb2 Qxb2 28. Rxb2 Rc1+ 29. Bf1 Be6 30. Kg2 Ra1 31. e4 Rxa3 32. Rc2 Ra4 33. h3
a5 34. Rc5 Kf8 35. Ba6 Ke7 36. e5 Ra1 37. Bb7 a4 38. Bd5 a3 39. Bxe6 Kxe6 40.
Ra5 g5 41. Kf3 h5 42. Ke4 Re1+ 1/2-1/2

[Event "28th European Club Cup Eilat"]
[Site "Eilat"]
[Date "2012.10.13"]
[Round "3"]
[White "Moiseenko, Alexander"]
[Black "Nisipeanu, Liviu-Dieter"]
[Result "1/2-1/2"]
[WhiteElo "2700"]
[BlackElo "2661"]
[PlyCount "105"]
[EventDate "2012.10.11"]
[EventRounds "7"]
[EventCountry "ISR"]

1. d4 d5 2. c4 dxc4 3. Nf3 Nf6 4. e3 e6 5. Bxc4 c5 6. O-O a6 7. e4 b5 8. Bd3
Bb7 9. Re1 cxd4 10. a4 bxa4 11. Rxa4 Nfd7 12. Nxd4 Nc5 13. Ra3 e5 14. Nf5 Nc6
15. Qf3 Ne6 16. Bc4 Qc7 17. Ra4 g6 18. Nh6 Ncd4 19. Qg3 Bc6 20. Bxe6 Nxe6 21.
Rc4 Qd6 22. Qf3 Bxh6 23. Bxh6 Nd4 24. Rxd4 exd4 25. Nd2 f6 26. Qb3 Rb8 27. Qa2
Ke7 28. e5 Qd5 29. Qa3+ Kd7 30. Ne4 Kc7 31. exf6 Rhe8 32. Bf4+ Kb6 33. Ra1 a5
34. f3 Ra8 35. Rc1 Rxe4 36. fxe4 Qxe4 37. Qc5+ Kb7 38. Qe7+ Qxe7 39. fxe7 Re8
40. Bd6 d3 41. Kf2 Rc8 42. Be5 Ba4 43. Bc3 d2 44. Bxd2 Rxc1 45. Bxc1 Kc7 46.
Be3 Kd6 47. Bb6 Kxe7 48. Bxa5 h5 49. Ke3 Kd6 50. Kf4 Bc2 51. b4 Kc6 52. Bd8 Kb5
53. Be7 1/2-1/2

[Event "28th European Club Cup Eilat"]
[Site "Eilat"]
[Date "2012.10.13"]
[Round "3"]
[White "Jakovenko, Dmitry"]
[Black "Gelfand, Boris"]
[Result "1/2-1/2"]
[WhiteElo "2732"]
[BlackElo "2736"]
[PlyCount "99"]
[EventDate "2012.10.11"]
[EventRounds "7"]
[EventCountry "ISR"]

1. Nf3 c5 2. c4 Nc6 3. Nc3 g6 4. e3 Nf6 5. d4 cxd4 6. exd4 d5 7. cxd5 Nxd5 8.
Qb3 Nxc3 9. Bc4 Nd5 10. Bxd5 e6 11. Bxc6+ bxc6 12. O-O Be7 13. Bf4 Qd5 14. Qxd5
cxd5 15. Ne5 f6 16. Nc6 Bd7 17. Rfc1 g5 18. Bg3 h5 19. h4 gxh4 20. Bxh4 Bxc6
21. Rxc6 Kd7 22. Rac1 Rhc8 23. Rxc8 Rxc8 24. Rxc8 Kxc8 25. f4 Bd6 26. f5 exf5
27. Bxf6 Kd7 28. Kf2 Bf4 29. Kf3 Bd2 30. Kg3 Ke6 31. Be5 Be1+ 32. Kf3 a6 33.
Bc7 Bd2 34. Bf4 Bb4 35. a3 Be7 36. b4 Kd7 37. Bd2 Bd6 38. a4 Kc6 39. Bg5 Bxb4
40. Kf4 Be1 41. Kxf5 Bf2 42. Ke5 h4 43. Bd2 Bg3+ 44. Kf5 Bf2 45. Bc3 Kd7 46.
Ke5 Kc6 47. Kf4 Kd6 48. Kf3 Bg1 49. Kg4 Bf2 50. Kf3 1/2-1/2

[Event "28th European Club Cup Eilat"]
[Site "Eilat"]
[Date "2012.10.13"]
[Round "3"]
[White "Malakhov, Vladimir"]
[Black "Riazantsev, Alexander"]
[Result "1/2-1/2"]
[WhiteElo "2713"]
[BlackElo "2712"]
[PlyCount "99"]
[EventDate "2012.10.11"]
[EventRounds "7"]
[EventCountry "ISR"]

1. Nf3 Nf6 2. g3 d5 3. Bg2 Nbd7 4. d4 e6 5. O-O Be7 6. c4 dxc4 7. Nbd2 Nb6 8.
Nxc4 Nxc4 9. Qa4+ Bd7 10. Qxc4 Bc6 11. Bf4 O-O 12. Rfd1 Bd6 13. Bg5 h6 14. Bxf6
Qxf6 15. Nd2 Bxg2 16. Kxg2 Qe7 17. Ne4 f5 18. Nxd6 Qxd6 19. d5 e5 20. Rac1 Rf7
21. Qb3 Qb6 22. Rc3 Rd8 23. Qxb6 axb6 24. e3 Kf8 25. a4 Ke8 26. d6 Rxd6 27.
Rxd6 cxd6 28. Rb3 Kd7 29. Rxb6 Kc7 30. Rb4 g5 31. g4 f4 32. a5 d5 33. Kf3 e4+
34. Ke2 f3+ 35. Kd2 h5 36. Rb5 hxg4 37. Rxd5 Rh7 38. Rxg5 Rxh2 39. Rxg4 Rxf2+
40. Kc3 Rf1 41. Rf4 Rd1 42. Kc4 Kd6 43. b4 Ke5 44. b5 Re1 45. b6 Rc1+ 46. Kb4
Rb1+ 47. Kc4 Rc1+ 48. Kb4 Rf1 49. Kc3 Rc1+ 50. Kb4 1/2-1/2

[Event "28th European Club Cup Eilat"]
[Site "Eilat"]
[Date "2012.10.13"]
[Round "3"]
[White "Grachev, Boris"]
[Black "Korobov, Anton"]
[Result "1-0"]
[WhiteElo "2672"]
[BlackElo "2705"]
[PlyCount "95"]
[EventDate "2012.10.11"]
[EventRounds "7"]
[EventCountry "ISR"]

1. d4 Nf6 2. c4 g6 3. Nc3 Bg7 4. e4 d6 5. Nf3 O-O 6. Be2 e5 7. O-O Nc6 8. d5
Ne7 9. b4 Nh5 10. Re1 a5 11. bxa5 c5 12. Nd2 Nf4 13. Bf1 Rxa5 14. a4 Ra6 15.
Ra3 Nh5 16. Nb5 Nf6 17. Nf3 h6 18. g3 Nh7 19. Nh4 g5 20. Nf3 Ng6 21. Nd2 g4 22.
Bg2 h5 23. Nf1 f5 24. exf5 Bxf5 25. Qe2 Bd7 26. Nd2 Ne7 27. Ne4 Nf5 28. h4 Nd4
29. Nxd4 exd4 30. Bf4 Bf5 31. Rb3 Rf7 32. Qd2 Bf8 33. Bf1 Rxa4 34. Bd3 Qa5 35.
Qd1 Ra3 36. Rxa3 Qxa3 37. Qc2 Qa5 38. Re2 Bxe4 39. Rxe4 Nf6 40. Re6 Nd7 41. Bg6
Rf6 42. Qe2 Qa1+ 43. Kg2 d3 44. Bxd3 Rxf4 45. Rg6+ Bg7 46. gxf4 Nf8 47. Rg5 Qd4
48. Qe7 1-0

[Event "28th European Club Cup Eilat"]
[Site "Eilat"]
[Date "2012.10.13"]
[Round "3"]
[White "Radjabov, Teimour"]
[Black "Johannessen, Leif Erlend"]
[Result "1-0"]
[WhiteElo "2792"]
[BlackElo "2520"]
[PlyCount "47"]
[EventDate "2012.10.11"]
[EventRounds "7"]
[EventCountry "ISR"]

1. e4 e5 2. Nf3 Nc6 3. Bb5 a6 4. Ba4 Nf6 5. O-O b5 6. Bb3 Bb7 7. d3 Bd6 8. a4
h6 9. c3 O-O 10. Nh4 Re8 11. Qf3 Bf8 12. Bxh6 gxh6 13. axb5 axb5 14. Rxa8 Bxa8
15. Qg3+ Kh8 16. Bxf7 Bg7 17. Nf5 Rg8 18. Bxg8 Qxg8 19. Na3 b4 20. Nb5 Ne8 21.
f4 Bb7 22. fxe5 Ba6 23. Nbd4 Nxe5 24. Ra1 1-0

[Event "28th European Club Cup Eilat"]
[Site "Eilat"]
[Date "2012.10.13"]
[Round "3"]
[White "Persson, Mats"]
[Black "Kamsky, Gata"]
[Result "0-1"]
[WhiteElo "2234"]
[BlackElo "2755"]
[PlyCount "94"]
[EventDate "2012.10.11"]
[EventRounds "7"]
[EventCountry "ISR"]

1. e4 c5 2. Nf3 e6 3. Nc3 a6 4. g3 b5 5. Bg2 Bb7 6. d3 Nc6 7. O-O Nge7 8. Be3
Ng6 9. a4 b4 10. Ne2 Be7 11. d4 cxd4 12. Nexd4 Na5 13. Nd2 O-O 14. f4 Rc8 15.
N4b3 f5 16. e5 Bxg2 17. Kxg2 d6 18. exd6 Bxd6 19. Rf2 Be7 20. Nxa5 Qxa5 21. Nb3
Qc7 22. Bd4 Bf6 23. Bxf6 Rxf6 24. Qf3 e5 25. Qd5+ Qf7 26. Rd1 exf4 27. gxf4 Re6
28. Qd7 Qxd7 29. Rxd7 Re4 30. Kg3 h5 31. h4 Re3+ 32. Rf3 Rxf3+ 33. Kxf3 Nxh4+
34. Kg3 Ng6 35. Nd4 h4+ 36. Kf3 h3 37. Nxf5 h2 38. Kg2 Rxc2+ 39. Kh1 Nxf4 40.
Rxg7+ Kf8 41. Rg4 Nd3 42. Rd4 Ne5 43. Rxb4 Nf3 44. Rb8+ Kf7 45. Ng3 Rc1+ 46.
Kg2 Rg1+ 47. Kf2 Nh4 0-1

[Event "28th European Club Cup Eilat"]
[Site "Eilat"]
[Date "2012.10.13"]
[Round "3"]
[White "Arnaudov, G. Petar"]
[Black "Wojtaszek, Radoslaw"]
[Result "1/2-1/2"]
[WhiteElo "2471"]
[BlackElo "2733"]
[PlyCount "82"]
[EventDate "2012.10.11"]
[EventRounds "7"]
[EventCountry "ISR"]

1. d4 Nf6 2. c4 e6 3. Nc3 Bb4 4. e3 O-O 5. Bd3 c5 6. Nf3 b6 7. O-O Bb7 8. Na4
d6 9. a3 Ba5 10. Rb1 Na6 11. b4 cxb4 12. Bd2 bxa3 13. Bxa5 Bxf3 14. Qxf3 bxa5
15. Ra1 Nb4 16. Rxa3 e5 17. Qd1 Qc7 18. Nc3 a6 19. Be2 exd4 20. exd4 Rae8 21.
Qd2 Ne4 22. Nxe4 Rxe4 23. Rfa1 Rfe8 24. Bf1 Nc6 25. d5 Nd4 26. Bd3 R4e5 27. h3
h5 28. Kh2 a4 29. Bh7+ Kxh7 30. Qxd4 Re4 31. Qd1 R8e5 32. Rxa4 Re2 33. Qd3+ g6
34. R1a2 Rxa2 35. Rxa2 a5 36. Qd4 Re1 37. Qf6 Re5 38. Rxa5 Qxa5 39. Qxf7+ Kh8
40. Qf8+ Kh7 41. Qf7+ Kh8 1/2-1/2

[Event "28th European Club Cup Eilat"]
[Site "Eilat"]
[Date "2012.10.13"]
[Round "3"]
[White "Navara, David"]
[Black "Mitkov, Marjan"]
[Result "1-0"]
[WhiteElo "2722"]
[BlackElo "2331"]
[PlyCount "87"]
[EventDate "2012.10.11"]
[EventRounds "7"]
[EventCountry "ISR"]

1. e4 e5 2. Nf3 Nc6 3. Bb5 a6 4. Ba4 Nf6 5. O-O Be7 6. Re1 b5 7. Bb3 O-O 8. c3
d6 9. h3 Nb8 10. d4 Nbd7 11. Nbd2 c5 12. Nf1 Qc7 13. Ng3 Bb7 14. Nf5 Rfe8 15.
dxe5 dxe5 16. Nxe7+ Rxe7 17. Nh4 c4 18. Bc2 Re6 19. Qf3 Nc5 20. b3 Rd8 21. bxc4
bxc4 22. Ba3 Nd3 23. Re3 Qa5 24. Bxd3 cxd3 25. Bb4 Qb5 26. Nf5 d2 27. Rd1 Qa4
28. Ne7+ Kh8 29. Nd5 a5 30. Bc5 Qc4 31. Ba3 Qxa2 32. c4 Qxc4 33. Rxd2 Ba6 34.
Kh2 Nxd5 35. Qxf7 Rf6 36. Rxd5 Qxd5 37. Qxd5 Rxd5 38. exd5 Rxf2 39. d6 Bb7 40.
Kg1 Rxg2+ 41. Kf1 Rd2 42. Ke1 Rd4 43. Bc5 Rd5 44. Rb3 1-0

[Event "28th European Club Cup Eilat"]
[Site "Eilat"]
[Date "2012.10.14"]
[Round "4"]
[White "Dominguez Perez, Leinier"]
[Black "Nepomniachtchi, Ian"]
[Result "1/2-1/2"]
[WhiteElo "2734"]
[BlackElo "2704"]
[PlyCount "104"]
[EventDate "2012.10.11"]
[EventRounds "7"]
[EventCountry "ISR"]

1. e4 e6 2. d4 d5 3. Nc3 Bb4 4. e5 c5 5. a3 Bxc3+ 6. bxc3 Ne7 7. Qg4 O-O 8. Bd3
f5 9. exf6 Rxf6 10. Bg5 e5 11. Qh4 e4 12. Bxf6 gxf6 13. Be2 Qa5 14. Qg3+ Kh8
15. Bh5 Nbc6 16. Ne2 cxd4 17. O-O dxc3 18. Qd6 Kg7 19. f3 e3 20. Bg4 Qd8 21.
Qf4 d4 22. Rad1 Ng6 23. Qe4 Qb6 24. Kh1 f5 25. Bxf5 Bxf5 26. Qxf5 Re8 27. f4
Qd8 28. Rfe1 Qd6 29. Qh5 Re4 30. Rf1 Qf6 31. Qd5 Re8 32. h3 Kh8 33. Kh2 Rd8 34.
Qe4 Nge7 35. f5 Rd5 36. Qe6 Qxe6 37. fxe6 Re5 38. Rf8+ Kg7 39. Rf4 Nd5 40. Rg4+
Kf6 41. Kg1 h5 42. Rh4 Kxe6 43. Nxd4+ Nxd4 44. Rhxd4 b5 45. Rb1 a5 46. Re1 Kd6
47. Rh4 Kc5 48. g4 hxg4 49. hxg4 b4 50. axb4+ axb4 51. Kg2 b3 52. cxb3 Kb4
1/2-1/2

[Event "28th European Club Cup Eilat"]
[Site "Eilat"]
[Date "2012.10.14"]
[Round "4"]
[White "Morozevich, Alexander"]
[Black "Vitiugov, Nikita"]
[Result "1/2-1/2"]
[WhiteElo "2758"]
[BlackElo "2691"]
[PlyCount "152"]
[EventDate "2012.10.11"]
[EventRounds "7"]
[EventCountry "ISR"]

1. e4 c5 2. Nf3 e6 3. g3 d5 4. exd5 exd5 5. d4 Nc6 6. Bg2 Bg4 7. O-O cxd4 8. h3
Bxf3 9. Qxf3 Nf6 10. Bg5 Be7 11. Bxf6 Bxf6 12. Re1+ Ne7 13. Qxd5 Qxd5 14. Bxd5
d3 15. Nc3 dxc2 16. Rac1 O-O 17. Rxc2 Nxd5 18. Nxd5 Bd8 19. a4 g6 20. b4 Kg7
21. Kg2 Rb8 22. Rc3 Bg5 23. Re5 f5 24. g4 Bf6 25. Nxf6 Kxf6 26. Ra5 a6 27. gxf5
gxf5 28. Rc7 Rg8+ 29. Kf3 Rgd8 30. Rxh7 Rd3+ 31. Ke2 Rd4 32. Rh5 Re8+ 33. Kf3
Re5 34. Rh6+ Kg5 35. Rxe5 Kxh6 36. Re6+ Kg5 37. Rb6 a5 38. Rxb7 axb4 39. Ke3
Rc4 40. Kd3 Rc3+ 41. Kd2 Rb3 42. Rb5 Rb2+ 43. Ke3 Rb3+ 44. Ke2 Rb2+ 45. Kf3
Rb3+ 46. Kg2 Rb1 47. Kg3 Rg1+ 48. Kf3 Rb1 49. h4+ Kxh4 50. Kf4 b3 51. Kxf5 Kh5
52. Rb6 Rb2 53. f4 Rb1 54. Rb4 Rb2 55. Rb8 Kh6 56. Kf6 Kh7 57. f5 Ra2 58. Rb7+
Kg8 59. Rxb3 Rxa4 60. Rb8+ Kh7 61. Re8 Rf4 62. Ke6 Kg7 63. Re7+ Kg8 64. Rb7 Rf1
65. Kf6 Rf2 66. Rb8+ Kh7 67. Rf8 Ra2 68. Rf7+ Kg8 69. Re7 Rf2 70. Re8+ Kh7 71.
Rd8 Rf1 72. Ke6 Kg7 73. Rd7+ Kg8 74. Kf6 Rf2 75. Rg7+ Kf8 76. Rc7 Kg8 1/2-1/2

[Event "28th European Club Cup Eilat"]
[Site "Eilat"]
[Date "2012.10.14"]
[Round "4"]
[White "Movsesian, Sergei"]
[Black "Tomashevsky, Evgeny"]
[Result "1/2-1/2"]
[WhiteElo "2699"]
[BlackElo "2720"]
[PlyCount "81"]
[EventDate "2012.10.11"]
[EventRounds "7"]
[EventCountry "ISR"]

1. e4 e5 2. Nf3 Nc6 3. Bb5 a6 4. Ba4 Nf6 5. O-O Be7 6. d3 b5 7. Bb3 d6 8. a4
Bd7 9. Nc3 Na5 10. Ba2 b4 11. Nd5 Nxd5 12. Bxd5 c6 13. Ba2 c5 14. Bd5 Rb8 15.
Nd2 O-O 16. Nc4 Nxc4 17. Bxc4 Qc8 18. f4 exf4 19. Bxf4 Be6 20. Bg3 Bxc4 21.
dxc4 Qe6 22. Qd5 Rbd8 23. Qxe6 fxe6 24. Rxf8+ Rxf8 25. Rf1 Rxf1+ 26. Kxf1 Kf7
27. Ke2 Ke8 28. b3 Kd7 29. h3 Bf6 30. Kd3 Bc3 31. Bf4 g6 32. g4 e5 33. Bg5 Kc6
34. Ke2 Kd7 35. Kf3 Be1 36. Ke2 Bc3 37. Bh4 Ke6 38. Kf3 Bd2 39. Ke2 Bc3 40. Kd3
Kd7 41. Bg5 1/2-1/2

[Event "28th European Club Cup Eilat"]
[Site "Eilat"]
[Date "2012.10.14"]
[Round "4"]
[White "Moiseenko, Alexander"]
[Black "Efimenko, Zahar"]
[Result "1/2-1/2"]
[WhiteElo "2700"]
[BlackElo "2689"]
[PlyCount "81"]
[EventDate "2012.10.11"]
[EventRounds "7"]
[EventCountry "ISR"]

1. d4 Nf6 2. c4 e6 3. Nf3 d5 4. Nc3 Bb4 5. cxd5 exd5 6. Bg5 h6 7. Bh4 c5 8. e3
c4 9. Be2 g5 10. Bg3 Ne4 11. Rc1 Qa5 12. O-O Bxc3 13. bxc3 O-O 14. Nd2 Nxc3 15.
Qe1 Nxe2+ 16. Qxe2 Bf5 17. e4 Bxe4 18. Nxe4 dxe4 19. Qxe4 Nd7 20. Rxc4 Qxa2 21.
Rc7 Nf6 22. Qxb7 Qd5 23. Rc6 Rae8 24. Qa6 Ne4 25. Be5 f6 26. f3 Rxe5 27. dxe5
Qd4+ 28. Kh1 Nf2+ 29. Rxf2 Qxf2 30. Qc4+ Kh8 31. Qc1 Qd4 32. e6 Qe5 33. Rc8
Rxc8 34. Qxc8+ Kg7 35. Qd7+ Kg6 36. g4 Qe1+ 37. Kg2 Qe2+ 38. Kg3 Qe1+ 39. Kg2
Qe2+ 40. Kg3 Qe1+ 41. Kg2 1/2-1/2

[Event "28th European Club Cup Eilat"]
[Site "Eilat"]
[Date "2012.10.14"]
[Round "4"]
[White "Ponomariov, Ruslan"]
[Black "Karttunen, Mika"]
[Result "1-0"]
[WhiteElo "2735"]
[BlackElo "2445"]
[PlyCount "75"]
[EventDate "2012.10.11"]
[EventRounds "7"]
[EventCountry "ISR"]

1. d4 f5 2. Nf3 Nf6 3. g3 g6 4. Bg2 Bg7 5. O-O O-O 6. c4 c6 7. d5 Na6 8. Nc3
Nc5 9. Be3 Nce4 10. Nxe4 Nxe4 11. Qc2 Qc7 12. Rac1 c5 13. Ne1 d6 14. Nd3 Qa5
15. a3 b5 16. cxb5 Qxb5 17. b4 cxb4 18. Nxb4 Nc3 19. Rfe1 Bb7 20. Qd2 Ne4 21.
Qd3 Qxd3 22. exd3 Nc3 23. Bd2 a5 24. Nc6 Na4 25. Rxe7 Ba6 26. d4 Bb5 27. Rb1
Bd3 28. Rbb7 Bf6 29. Re6 Ba6 30. Rc7 Rf7 31. Bxa5 Bb5 32. Rxd6 Bxc6 33. dxc6
Rxa5 34. Rxf7 Kxf7 35. c7 Ke7 36. Rxf6 Kd7 37. Rc6 Kc8 38. Bf1 1-0

[Event "28th European Club Cup Eilat"]
[Site "Eilat"]
[Date "2012.10.14"]
[Round "4"]
[White "Maki, Veijo"]
[Black "Areshchenko, Alexander"]
[Result "0-1"]
[WhiteElo "2383"]
[BlackElo "2710"]
[PlyCount "63"]
[EventDate "2012.10.11"]
[EventRounds "7"]
[EventCountry "ISR"]

1. Nf3 Nf6 2. g3 g6 3. b3 d5 4. Bb2 c5 5. Bxf6 exf6 6. Bg2 Nc6 7. O-O Bg7 8. c3
O-O 9. d4 b6 10. e3 Ba6 11. Re1 Rc8 12. Na3 Qe7 13. Nc2 Rc7 14. Qd2 Rfc8 15.
Rad1 f5 16. h4 Rd8 17. Ng5 h6 18. Nh3 g5 19. hxg5 hxg5 20. dxc5 bxc5 21. f4 g4
22. Ng5 Rcd7 23. Nd4 cxd4 24. exd4 Qd6 25. Re3 Re7 26. Rxe7 Nxe7 27. Re1 Bf6
28. Kf2 Ng6 29. Qc2 Bc8 30. Qe2 Nxf4 31. Nxf7 Kxf7 32. gxf4 0-1

[Event "28th European Club Cup Eilat"]
[Site "Eilat"]
[Date "2012.10.14"]
[Round "4"]
[White "Timofeev, Artyom"]
[Black "Topalov, Veselin"]
[Result "0-1"]
[WhiteElo "2631"]
[BlackElo "2751"]
[PlyCount "82"]
[EventDate "2012.10.11"]
[EventRounds "7"]
[EventCountry "ISR"]

1. d4 Nf6 2. c4 e6 3. Nc3 Bb4 4. f3 c5 5. d5 d6 6. e4 O-O 7. Nge2 b5 8. Nf4 a6
9. Bd2 exd5 10. cxd5 Ba5 11. Be2 Nbd7 12. O-O Ne5 13. Kh1 c4 14. b3 b4 15. Na4
c3 16. Be3 Bc7 17. a3 a5 18. Bb5 Rb8 19. Qe2 h6 20. Rfd1 Qe7 21. axb4 axb4 22.
Rd4 g5 23. Nh3 Bxh3 24. gxh3 Rxb5 25. Qxb5 Rb8 26. Qe2 Nh5 27. h4 Nf4 28. Qf2
Qf6 29. hxg5 hxg5 30. Rdd1 Bd8 31. Ra2 Qh6 32. Qg3 Kh7 33. Rg1 Nfg6 34. Rf2 Qh5
35. f4 Nd3 36. Rff1 Bf6 37. Ba7 Rb7 38. Qxd3 Rxa7 39. Rg3 Nxf4 40. Rxf4 gxf4
41. e5+ Kh6 0-1

[Event "28th European Club Cup Eilat"]
[Site "Eilat"]
[Date "2012.10.14"]
[Round "4"]
[White "Grischuk, Alexander"]
[Black "Pelletier, Yannick"]
[Result "1-0"]
[WhiteElo "2752"]
[BlackElo "2601"]
[PlyCount "91"]
[EventDate "2012.10.11"]
[EventRounds "7"]
[EventCountry "ISR"]

1. e4 e6 2. d4 d5 3. e5 c5 4. c3 Qb6 5. Nf3 Nc6 6. a3 Nh6 7. b4 cxd4 8. Bxh6
gxh6 9. cxd4 Bd7 10. Ra2 Rc8 11. Be2 Bg7 12. O-O O-O 13. b5 Na5 14. a4 Rc7 15.
Na3 Rfc8 16. Nc2 Nb3 17. Ne3 Rc3 18. Bd3 Rxd3 19. Qxd3 Nc1 20. Qb1 Nxa2 21.
Qxa2 h5 22. Qa3 a6 23. Rb1 Be8 24. g4 f6 25. Qe7 fxe5 26. Nxe5 Kh8 27. Rd1 axb5
28. a5 Qd8 29. Qxe6 hxg4 30. Nf5 Rc7 31. Re1 Bh5 32. Ng3 Be8 33. Nf5 Bh5 34.
Nd6 Qf8 35. Qxd5 b4 36. Nxb7 Rc2 37. Rf1 Qg8 38. Qd7 b3 39. Nd6 Bxe5 40. dxe5
b2 41. Qb7 Qa2 42. Nf5 Qf7 43. a6 Bg6 44. e6 Qc7 45. e7 h5 46. Qb5 1-0

[Event "28th European Club Cup Eilat"]
[Site "Eilat"]
[Date "2012.10.14"]
[Round "4"]
[White "Zhigalko, Andrey"]
[Black "Malakhov, Vladimir"]
[Result "0-1"]
[WhiteElo "2582"]
[BlackElo "2713"]
[PlyCount "144"]
[EventDate "2012.10.11"]
[EventRounds "7"]
[EventCountry "ISR"]

1. d4 d5 2. c4 c6 3. Nf3 Nf6 4. Nc3 a6 5. h3 e6 6. Bg5 h6 7. Bxf6 Qxf6 8. e3 g6
9. Bd3 Bg7 10. O-O O-O 11. Rc1 Nd7 12. Re1 dxc4 13. Bxc4 Qe7 14. Bb3 Rd8 15.
Qe2 b6 16. e4 Bb7 17. e5 b5 18. Ne4 c5 19. dxc5 Bxe4 20. Qxe4 Nxc5 21. Qb4 Bf8
22. Bc2 Rac8 23. Red1 Rxd1+ 24. Rxd1 Rd8 25. Rxd8 Qxd8 26. h4 Qd5 27. b3 Bg7
28. Qc3 Nd7 29. Qc8+ Bf8 30. Qd8 Kg7 31. h5 gxh5 32. Qh4 Nxe5 33. Qxh5 Nxf3+
34. Qxf3 Qxf3 35. gxf3 b4 36. Bd3 a5 37. Kg2 Bd6 38. Bb5 Kf6 39. Bc6 Bf4 40.
Kh3 Bd2 41. Kg2 Ke7 42. Kf1 Bg5 43. Bb5 h5 44. Kg2 e5 45. Kh3 f6 46. f4 exf4
47. f3 Kd6 48. Kg2 Kc5 49. Be8 h4 50. Bd7 Kd4 51. Kf2 Kc3 52. Kg2 Kb2 53. Ba4
Kxa2 54. Kh3 f5 55. Kg2 Bd8 56. Kh2 Kb2 57. Kg2 Kc3 58. Kh3 Kd4 59. Kg2 Ke3 60.
Bc6 Be7 61. Bd5 Bf6 62. Bc6 Bd8 63. Bd5 a4 64. bxa4 Kd4 65. Be6 Kc3 66. Kh3 b3
67. Bxf5 Kb4 68. Kg4 Bc7 69. Bd7 b2 70. Bf5 Kxa4 71. Kxh4 Kb3 72. Bb1 Kc3 0-1

[Event "28th European Club Cup Eilat"]
[Site "Eilat"]
[Date "2012.10.14"]
[Round "4"]
[White "Korobov, Anton"]
[Black "Teterev, Vitaly"]
[Result "1-0"]
[WhiteElo "2705"]
[BlackElo "2529"]
[PlyCount "83"]
[EventDate "2012.10.11"]
[EventRounds "7"]
[EventCountry "ISR"]

1. d4 Nf6 2. c4 g6 3. Nc3 Bg7 4. e4 d6 5. Nf3 O-O 6. Be2 e5 7. O-O Na6 8. Be3
Ng4 9. Bg5 Qe8 10. Re1 exd4 11. Nd5 c6 12. Ne7+ Kh8 13. Nxc8 Rxc8 14. Nxd4 Nf6
15. Bf1 Nc5 16. f3 Ne6 17. Be3 Nxd4 18. Bxd4 Qe7 19. Qd2 c5 20. Bf2 Nd7 21.
Rad1 Rc6 22. e5 Rd8 23. exd6 Qf6 24. b4 cxb4 25. Qxb4 b6 26. Bg3 Bf8 27. Qa4
Rxd6 28. Qxa7 Rxd1 29. Rxd1 Bc5+ 30. Kh1 Nf8 31. Re1 Kg8 32. Be5 Qf5 33. Qa4
Ne6 34. g4 Qxf3+ 35. Bg2 Qxg4 36. Rf1 Bd4 37. Bg3 Nf8 38. Qc2 Nd7 39. Rf4 Ne5
40. Rxg4 Nxg4 41. Qe2 h5 42. Bd5 1-0